[Event "X MIEDZYNARODOWY JUBILEUSZOWY FESTIWAL S"]
[Site "LAZY, OW "]
[Date "2014.07.03"]
[Round "5.17"]
[White "Betkowski, Andrzej"]
[Black "Antolak, Julia"]
[Result "0-1"]
[WhiteElo "2064"]
[BlackElo "1869"]
[PlyCount "112"]
[EventDate "2014.??.??"]

1. d4 Nf6 2. Nc3 d5 3. Bg5 g6 4. Qd2 Bg7 5. f3 h6 6. Bf4 Nh5 7. Be5 f6 8. Bg3
Nxg3 9. hxg3 f5 10. O-O-O Nc6 11. e3 Be6 12. Bd3 Bf7 13. Nge2 e5 14. dxe5 Nxe5
15. e4 dxe4 16. fxe4 Nxd3+ 17. cxd3 Qg5 18. exf5 Qxd2+ 19. Kxd2 gxf5 20. Rhf1
O-O-O 21. Rxf5 Bg6 22. Rd5 Rdf8 23. Nf4 Bf7 24. Rf5 Rhg8 25. Rf1 Be8 26. Rxf8
Bxf8 27. Ne4 Bc6 28. Rf3 Bb4+ 29. Kc2 Re8 30. Re3 Bc5 31. Re2 Bd4 32. b3 Rg8
33. Nh5 Re8 34. Kd2 b5 35. g4 Rg8 36. g5 hxg5 37. g4 b4 38. Re1 Rf8 39. Rc1
Bxe4 40. dxe4 Bc3+ 41. Ke2 c5 42. Rd1 Bd4 43. Rd2 Rf2+ 44. Kd3 Rxd2+ 45. Kxd2
Kd7 46. Ng3 Ke6 47. Kd3 Ke5 48. Nf5 Bg1 49. Ng3 Bf2 50. Ne2 a6 51. Kc4 Kxe4 52.
Nc1 Be3 53. Nd3 Kf3 54. Nxc5 Bxc5 55. Kxc5 Kxg4 56. Kxb4 Kf3 0-1

[Event "X MIEDZYNARODOWY JUBILEUSZOWY FESTIWAL S"]
[Site "LAZY, OW "]
[Date "2014.07.03"]
[Round "5.18"]
[White "Krainski, Aleksander"]
[Black "Krainski, Slawomir"]
[Result "1-0"]
[WhiteElo "2212"]
[BlackElo "2039"]
[PlyCount "120"]
[EventDate "2014.??.??"]

1. d4 Nf6 2. Nf3 g6 3. Bf4 Bg7 4. e3 O-O 5. Be2 d5 6. O-O c5 7. c3 Nc6 8. Nbd2
cxd4 9. exd4 Qb6 10. Qb3 Qxb3 11. axb3 Bf5 12. h3 Ne4 13. Rfe1 Nxd2 14. Bxd2 a6
15. Bf4 Rad8 16. Bf1 f6 17. b4 g5 18. Bh2 g4 19. Nh4 Bc8 20. hxg4 Bxg4 21. b5
axb5 22. Bxb5 Rf7 23. Ba4 Bc8 24. b4 e6 25. Bb3 Bh6 26. b5 Ne7 27. Re2 Kh8 28.
Ra8 Rg8 29. Bd6 Rfg7 30. g3 Bd7 31. Rxg8+ Nxg8 32. c4 dxc4 33. Bxc4 Rg4 34. Bc5
e5 35. Bd3 exd4 36. Nf3 Bg7 37. Nxd4 Rg5 38. Ba7 Re5 39. Rc2 f5 40. Rc7 Be8 41.
Nxf5 Re1+ 42. Kh2 Be5 43. Nd6 Nf6 44. Nxe8 Bxc7 45. Nxc7 Re7 46. Bd4 Rxc7 47.
Bxf6+ Kg8 48. b6 Rc6 49. Bd4 Kf7 50. Be3 Rd6 51. Bxh7 Ke6 52. Be4 Rd7 53. Bf4
Rf7 54. Kg2 Rd7 55. Bc7 Rd4 56. Bxb7 Rb4 57. Bc8+ Kd5 58. b7 Rc4 59. b8=Q Kd4
60. Be5+ Ke4 1-0

[Event "X MIEDZYNARODOWY JUBILEUSZOWY FESTIWAL S"]
[Site "LAZY, OW "]
[Date "2014.07.03"]
[Round "5.19"]
[White "Zebracki, Tomasz"]
[Black "Kovalev, Egor"]
[Result "1-0"]
[WhiteElo "2019"]
[BlackElo "2187"]
[PlyCount "65"]
[EventDate "2014.??.??"]

1. e4 d5 2. exd5 Qxd5 3. Nc3 Qa5 4. d4 Nf6 5. Nf3 Nc6 6. Bd2 a6 7. Bc4 Qh5 8.
Ne5 Nxe5 9. Qxh5 Nd3+ 10. cxd3 Nxh5 11. Nd5 Kd8 12. Rc1 Nf6 13. Nxc7 Kxc7 14.
Be6+ Kb6 15. Be3 fxe6 16. d5+ Ka5 17. Bd2+ Kb6 18. Be3+ Ka5 19. Bd2+ Kb5 20.
a4+ Kxa4 21. Rc5 Bd7 22. Ke2 Kb3 23. Ra1 Kxb2 24. Bc3+ Kb3 25. Rb1+ Ka3 26.
Ra1+ Kb3 27. Rb1+ Ka3 28. Ra5+ Ba4 29. Rxb7 Nxd5 30. Bb2+ Ka2 31. Rxa4+ Kb1 32.
Bxg7+ Kc2 33. Rc4+ 1-0

[Event "X MIEDZYNARODOWY JUBILEUSZOWY FESTIWAL S"]
[Site "LAZY, OW "]
[Date "2014.07.03"]
[Round "5.20"]
[White "Hilarecki, Grzegorz"]
[Black "Mucha, Piotr"]
[Result "0-1"]
[WhiteElo "2144"]
[BlackElo "2026"]
[PlyCount "91"]
[EventDate "2014.??.??"]

1. d4 Nf6 2. Nf3 g6 3. Bf4 Bg7 4. e3 O-O 5. Be2 d6 6. h3 Nbd7 7. O-O c5 8. c3
b6 9. Bh2 Bb7 10. Re1 Rc8 11. Bf1 Ne4 12. a4 a6 13. Nbd2 Nxd2 14. Nxd2 Qc7 15.
Qb3 Qb8 16. Rad1 Qa8 17. Nb1 Qb8 18. d5 Qc7 19. c4 b5 20. axb5 axb5 21. cxb5
Nb6 22. Nc3 c4 23. Qc2 Bxc3 24. bxc3 Bxd5 25. e4 Be6 26. f4 Qc5+ 27. Kh1 Qxb5
28. Bg1 Nd7 29. Bd4 f6 30. Rb1 Qc6 31. Be2 Nc5 32. Bf3 Nd3 33. f5 Nxe1 34. Rxe1
Bd7 35. fxg6 e5 36. gxh7+ Kh8 37. Bf2 Rf7 38. Qd2 Rxh7 39. Rd1 Rg8 40. Kh2 Bxh3
41. gxh3 Rxh3+ 42. Kxh3 Qd7+ 43. Kh4 Qh7+ 44. Bh5 Qxe4+ 45. Kh3 Qg2+ 46. Kh4
0-1

[Event "X MIEDZYNARODOWY JUBILEUSZOWY FESTIWAL S"]
[Site "LAZY, OW "]
[Date "2014.07.03"]
[Round "5.21"]
[White "Walter, Szymon"]
[Black "Madynski, Pawel"]
[Result "1/2-1/2"]
[WhiteElo "1977"]
[BlackElo "2086"]
[PlyCount "69"]
[EventDate "2014.??.??"]

1. e4 d5 2. Nc3 dxe4 3. Nxe4 c6 4. d4 Bf5 5. Ng3 Bg6 6. Nf3 e6 7. h4 h6 8. Ne5
Bh7 9. c3 Nf6 10. Bd3 Bxd3 11. Qxd3 Be7 12. Ne4 Nbd7 13. Nxf6+ Bxf6 14. Qg3 Qc7
15. Bf4 Bxe5 16. dxe5 Rg8 17. O-O-O O-O-O 18. h5 Qa5 19. Kb1 Qb5 20. Rd4 Nc5
21. c4 Qa5 22. Bd2 Qa6 23. Rhh4 Qb6 24. Qe3 Rxd4 25. Rxd4 Rd8 26. Rxd8+ Qxd8
27. Kc2 b6 28. b4 Nd7 29. Bc3 Qh4 30. Qe2 Kc7 31. g3 Qg5 32. Kb2 Qf5 33. f4 f6
34. exf6 gxf6 35. Bd2 1/2-1/2

[Event "X MIEDZYNARODOWY JUBILEUSZOWY FESTIWAL S"]
[Site "LAZY, OW "]
[Date "2014.07.03"]
[Round "5.22"]
[White "Filewicz, Przemyslaw"]
[Black "Harazinska, Ewa"]
[Result "1-0"]
[WhiteElo "1924"]
[BlackElo "2062"]
[PlyCount "79"]
[EventDate "2014.??.??"]

1. d4 Nf6 2. Nf3 e6 3. g3 d5 4. Bg2 Bd6 5. O-O O-O 6. c4 c6 7. Nc3 Nbd7 8. Qc2
Qc7 9. e4 dxe4 10. Nxe4 Nxe4 11. Qxe4 Nf6 12. Qc2 b6 13. Bg5 Nd7 14. Be3 h6 15.
Nd2 Nf6 16. Ne4 Nxe4 17. Qxe4 Bb7 18. c5 Be7 19. Bf4 Qd8 20. Rfd1 Rc8 21. b4 a5
22. a3 Ba6 23. Rac1 axb4 24. axb4 Bb5 25. Ra1 Ra8 26. Rxa8 Qxa8 27. cxb6 Qa6
28. Be5 Qxb6 29. Qg4 g6 30. h4 Kh7 31. Qf4 Qd8 32. Qd2 Qd7 33. Ra1 Bc4 34. h5
Bd5 35. hxg6+ fxg6 36. Bxd5 cxd5 37. Kg2 Bg5 38. Qe2 Rc8 39. b5 Rc4 40. b6 1-0

[Event "X MIEDZYNARODOWY JUBILEUSZOWY FESTIWAL S"]
[Site "LAZY, OW "]
[Date "2014.07.03"]
[Round "5.23"]
[White "Januszkiewicz, Wojciech"]
[Black "Lukasiewicz, Anna"]
[Result "1/2-1/2"]
[WhiteElo "1852"]
[BlackElo "2062"]
[PlyCount "103"]
[EventDate "2014.??.??"]

1. e4 e5 2. Nf3 Nc6 3. Bb5 a6 4. Ba4 Nf6 5. O-O Be7 6. Re1 b5 7. Bb3 O-O 8. c3
d6 9. h3 Bb7 10. d4 Re8 11. Nbd2 Bf8 12. d5 Nb8 13. Nf1 Nbd7 14. Ng3 g6 15. a4
Nc5 16. Bc2 c6 17. b4 Nxa4 18. Bxa4 bxa4 19. c4 a5 20. Rxa4 axb4 21. Rxb4 Qc7
22. Qb3 Reb8 23. Bg5 Nd7 24. Rb1 Bc8 25. Qc2 Rxb4 26. Rxb4 cxd5 27. exd5 f6 28.
Be3 Bg7 29. Ne4 f5 30. Nc3 f4 31. Nb5 Qd8 32. Bd2 Nc5 33. Bc3 Bf5 34. Qd1 Bf8
35. Qe2 Nd3 36. Rb3 Nc1 37. Qb2 Nxb3 38. Qxb3 Qc8 39. Bb2 Bd7 40. Nd2 Rb8 41.
Ne4 Bxb5 42. cxb5 Qb7 43. Nc3 Qb6 44. Qc4 Qd8 45. Qb4 Qd7 46. Ba3 f3 47. Bc1
fxg2 48. Kxg2 Be7 49. b6 Qb7 50. Be3 Qd7 51. Qc4 Bd8 52. Na4 1/2-1/2

[Event "X MIEDZYNARODOWY JUBILEUSZOWY FESTIWAL S"]
[Site "LAZY, OW "]
[Date "2014.07.03"]
[Round "5.24"]
[White "Janik, Igor"]
[Black "Kowalski, Maciej"]
[Result "1-0"]
[WhiteElo "2071"]
[BlackElo "1984"]
[PlyCount "71"]
[EventDate "2014.??.??"]

1. e4 e5 2. Nf3 Nc6 3. Bc4 Bc5 4. O-O Nf6 5. d4 exd4 6. e5 d5 7. exf6 dxc4 8.
fxg7 Rg8 9. Bg5 Be7 10. Bxe7 Kxe7 11. Re1+ Kf6 12. Re4 Kxg7 13. Nxd4 Kh8 14.
Nc3 Qg5 15. Qf3 Bd7 16. Qg3 Qxg3 17. hxg3 Nxd4 18. Rxd4 Be6 19. Rad1 c6 20. Ne4
Rge8 21. Nd6 Re7 22. Re4 Kg7 23. Nxc4 Kf8 24. Ne3 Rb8 25. b3 Rc8 26. g4 Rb8 27.
f3 Rc8 28. Kf2 Rb8 29. Nf1 Rc7 30. Ng3 c5 31. Ne2 b5 32. Nf4 Bc8 33. Rh1 Kg7
34. Nh5+ Kh6 35. Re8 f5 36. Rg8 1-0

[Event "X MIEDZYNARODOWY JUBILEUSZOWY FESTIWAL S"]
[Site "LAZY, OW "]
[Date "2014.07.03"]
[Round "5.26"]
[White "Mazalon, Mariusz"]
[Black "Woloch, Oskar"]
[Result "1-0"]
[WhiteElo "2043"]
[BlackElo "1929"]
[PlyCount "59"]
[EventDate "2014.??.??"]

1. Nf3 Nf6 2. g3 g6 3. Bg2 Bg7 4. O-O O-O 5. d4 d5 6. c4 c6 7. cxd5 cxd5 8. Ne5
Nbd7 9. Nc3 e6 10. f4 Ne8 11. Be3 f6 12. Nd3 Nd6 13. Bf2 f5 14. Ne5 Nf6 15. Qb3
Nfe4 16. Nxe4 Nxe4 17. Bxe4 fxe4 18. Rfc1 Bxe5 19. dxe5 b6 20. Rc2 Ba6 21. Qa4
Rc8 22. Rac1 Rxc2 23. Rxc2 e3 24. Bxe3 Bb7 25. Bd4 a6 26. Qb4 b5 27. Qd6 Re8
28. Bb6 Qxd6 29. exd6 Bc8 30. Rxc8 1-0

[Event "X MIEDZYNARODOWY JUBILEUSZOWY FESTIWAL S"]
[Site "LAZY, OW "]
[Date "2014.07.03"]
[Round "5.27"]
[White "Spicak, Krzysztof"]
[Black "Sawicki, Mikolaj"]
[Result "0-1"]
[WhiteElo "1933"]
[BlackElo "1965"]
[PlyCount "104"]
[EventDate "2014.??.??"]

1. d4 d5 2. Nf3 Nf6 3. c4 e6 4. Nc3 Be7 5. Bg5 O-O 6. Bxf6 Bxf6 7. e4 dxe4 8.
Nxe4 Nc6 9. Nxf6+ Qxf6 10. Qd2 Rd8 11. O-O-O Nxd4 12. Bd3 c5 13. Ng5 h6 14. h4
Bd7 15. Ne4 Qe7 16. g4 Bc6 17. Qf4 f5 18. gxf5 exf5 19. Ng3 Bxh1 20. Rxh1 Qd6
21. Qe3 Re8 22. Qd2 Rad8 23. Rd1 Nf3 24. Qc3 Qd4 25. Nxf5 Qxc3+ 26. bxc3 Ne5
27. Be4 Rxd1+ 28. Kxd1 b6 29. Kc2 g6 30. Bd5+ Kf8 31. Nd6 Re7 32. f3 Kg7 33.
Kb3 Rd7 34. Ne8+ Kf8 35. Nf6 Rd6 36. Ne4 Rd8 37. Nd2 Nf7 38. f4 Nd6 39. Nf3 Kg7
40. Kc2 Rf8 41. Kb3 Rxf4 42. Ne5 Rxh4 43. Nc6 g5 44. Nxa7 g4 45. Nc6 g3 46. Ne5
Rh2 47. Nd7 Nc8 48. a4 g2 49. Bxg2 Rxg2 50. a5 bxa5 51. Nxc5 h5 52. Nb7 h4 0-1

[Event "X MIEDZYNARODOWY JUBILEUSZOWY FESTIWAL S"]
[Site "LAZY, OW "]
[Date "2014.07.03"]
[Round "5.28"]
[White "Pilzak, Marcin"]
[Black "Szewczak, Andrzej"]
[Result "0-1"]
[WhiteElo "1968"]
[BlackElo "1976"]
[PlyCount "70"]
[EventDate "2014.??.??"]

1. e4 e6 2. d4 d5 3. Nd2 dxe4 4. Nxe4 Nf6 5. Nxf6+ Qxf6 6. Nf3 h6 7. Bd2 Nc6 8.
Bb5 Bd7 9. Bc3 Bb4 10. Bxb4 Nxb4 11. Bxd7+ Kxd7 12. c4 a5 13. O-O a4 14. a3 Nc6
15. b4 Rhd8 16. b5 Ne7 17. Qe2 Ke8 18. Rad1 Nf5 19. Qe4 Nd6 20. Qe2 Kf8 21. Ne5
Qf5 22. Rfe1 h5 23. Rd3 f6 24. Rh3 h4 25. Rf3 Qg5 26. Rf4 Nf5 27. Rg4 Nxd4 28.
Rxd4 fxe5 29. Re4 Rd2 30. Qf3+ Qf5 31. Qe3 Rad8 32. Rxe5 Rd1 33. Rxe6 Rxe1+ 34.
Qxe1 Qxe6 35. Qb4+ Qd6 0-1

[Event "X MIEDZYNARODOWY JUBILEUSZOWY FESTIWAL S"]
[Site "LAZY, OW "]
[Date "2014.07.06"]
[Round "6.1"]
[White "Rudolf, Michal"]
[Black "Tomczak, Jacek"]
[Result "0-1"]
[WhiteElo "2363"]
[BlackElo "2551"]
[PlyCount "62"]
[EventDate "2014.??.??"]

1. d4 Nf6 2. c4 g6 3. Nc3 d5 4. Nf3 Bg7 5. Qb3 dxc4 6. Qxc4 O-O 7. e4 Be6 8. d5
Bc8 9. Be2 c6 10. O-O cxd5 11. exd5 Nbd7 12. Rd1 Ne8 13. Bf4 Nd6 14. Qb4 Qb6
15. Qa3 a5 16. Rab1 Qb4 17. Bxd6 exd6 18. Nb5 Ra6 19. Qxb4 axb4 20. a3 Nf6 21.
Nc7 Ra5 22. axb4 Ra4 23. Nb5 Ne4 24. Ne1 Rxb4 25. f3 Bd7 26. Na3 Nc5 27. Nc4
Bb5 28. Rdc1 Re8 29. Kf1 Rxe2 30. Kxe2 Bxc4+ 31. Kf2 Ba2 0-1

[Event "X MIEDZYNARODOWY JUBILEUSZOWY FESTIWAL S"]
[Site "LAZY, OW "]
[Date "2014.07.06"]
[Round "6.2"]
[White "Eggink, Mateusz"]
[Black "Licznerski, Lukasz"]
[Result "0-1"]
[WhiteElo "2164"]
[BlackElo "2344"]
[PlyCount "112"]
[EventDate "2014.??.??"]

1. e4 d6 2. d4 Nf6 3. Bd3 c5 4. Nf3 cxd4 5. Nxd4 Nc6 6. Nxc6 bxc6 7. O-O g6 8.
c4 Bg7 9. Nc3 O-O 10. Kh1 Nd7 11. Be3 Nc5 12. Rc1 Rb8 13. b3 Qa5 14. Qd2 f5 15.
Bg5 Nxd3 16. Qxd3 fxe4 17. Nxe4 Bf5 18. Qd2 Qxd2 19. Nxd2 Rb7 20. Nf3 Be4 21.
Ne1 a5 22. f3 Bf5 23. h3 c5 24. g4 Be4 25. Kg2 Bc6 26. Nd3 a4 27. Rb1 axb3 28.
Rxb3 Ra7 29. a3 Rfa8 30. Bc1 Ra4 31. Rb6 R8a6 32. Rxa6 Rxa6 33. Rf2 Bb7 34. Rc2
Ra4 35. Nf4 Bh6 36. Rc3 Kf7 37. Kf2 Ba6 38. Nd5 Bxc1 39. Rxc1 Rxc4 40. Re1 e6
41. Nc7 Bc8 42. Rb1 Ke7 43. Rb8 Bd7 44. Rh8 Ra4 45. Na8 Bc6 46. Nb6 Rxa3 47.
Rxh7+ Kf6 48. Nc4 Rxf3+ 49. Ke2 Rf4 50. Nxd6 Ke5 51. Nf7+ Kd4 52. Ng5 Bb5+ 53.
Kd2 Rf2+ 54. Kc1 Bd3 55. Ra7 e5 56. Ne6+ Kd5 0-1

[Event "X MIEDZYNARODOWY JUBILEUSZOWY FESTIWAL S"]
[Site "LAZY, OW "]
[Date "2014.07.06"]
[Round "6.3"]
[White "Warakomski, Tomasz"]
[Black "Nurkiewicz, Maciej"]
[Result "1/2-1/2"]
[WhiteElo "2505"]
[BlackElo "2392"]
[PlyCount "119"]
[EventDate "2014.??.??"]

1. e4 e5 2. Nc3 Nc6 3. Bc4 Bc5 4. Qh5 Qf6 5. Nf3 g6 6. Qg5 h6 7. Qg3 Nge7 8.
O-O d6 9. Na4 Be6 10. d3 O-O-O 11. c3 Bb6 12. b4 g5 13. Be3 Ng6 14. Rfe1 Nf4
15. Bxe6+ Qxe6 16. d4 exd4 17. Nxb6+ axb6 18. Nxd4 Nxd4 19. cxd4 Ng6 20. d5 Qe5
21. Qxe5 dxe5 22. Rec1 Kd7 23. a4 Ra8 24. a5 bxa5 25. bxa5 Ra6 26. Rc2 Ne7 27.
Bd2 c6 28. Rb1 Rb8 29. Rcb2 cxd5 30. Rxb7+ Rxb7 31. Rxb7+ Ke6 32. exd5+ Nxd5
33. f3 Ne7 34. Kf2 Nc6 35. Rb2 f5 36. Ke2 Kd5 37. Kd3 Nd4 38. Rb8 e4+ 39. fxe4+
fxe4+ 40. Ke3 Nf5+ 41. Ke2 Nd4+ 42. Kf1 Rf6+ 43. Ke1 Nc2+ 44. Kd1 Nd4 45. Be3
Kc4 46. Bxd4 Kxd4 47. Ke2 Ra6 48. Rb4+ Kc3 49. Ra4 Kb3 50. Ra1 Kb2 51. Ra4 Kb3
52. Rxe4 Rxa5 53. Re6 h5 54. Rh6 g4 55. Kf2 Kc4 56. Rf6 Kd4 57. Kg3 Ra3+ 58.
Kh4 Ra2 59. Kxh5 Rxg2 60. Rf4+ 1/2-1/2

[Event "X MIEDZYNARODOWY JUBILEUSZOWY FESTIWAL S"]
[Site "LAZY, OW "]
[Date "2014.07.06"]
[Round "6.4"]
[White "Nowicki, Bartosz"]
[Black "Shishkin, Vadim"]
[Result "0-1"]
[WhiteElo "2256"]
[BlackElo "2489"]
[PlyCount "102"]
[EventDate "2014.??.??"]

1. e4 c5 2. Nf3 Nc6 3. d4 cxd4 4. Nxd4 Nf6 5. Nc3 d6 6. Bg5 e6 7. Qd2 a6 8.
O-O-O h6 9. Bf4 Bd7 10. Bg3 Rc8 11. Be2 Be7 12. Nxc6 Bxc6 13. Bf3 e5 14. Kb1 b5
15. Rhe1 O-O 16. Nd5 Nxd5 17. exd5 Bd7 18. Be2 Bf5 19. Bd3 Bxd3 20. Qxd3 f5 21.
f3 Rc4 22. b3 Rc8 23. Re2 Bh4 24. Bxh4 Qxh4 25. g3 Qf6 26. Rc1 Rc5 27. c4 Qf7
28. Rd2 Rfc8 29. Rcc2 bxc4 30. Rxc4 Rxc4 31. bxc4 Qc7 32. Rc2 Qb6+ 33. Qb3 Qg1+
34. Rc1 Qa7 35. Qc3 a5 36. Ka1 Qc5 37. a3 e4 38. fxe4 fxe4 39. Ka2 Rf8 40. Rc2
Rf3 41. Qb2 Kh7 42. Rc3 Qd4 43. Rc2 Qd3 44. a4 h5 45. Rc1 Re3 46. Rc2 Kg6 47.
Ka1 Rf3 48. Ka2 e3 49. Rc3 Qe4 50. Rc2 e2 51. Rxe2 Qxc4+ 0-1

[Event "X MIEDZYNARODOWY JUBILEUSZOWY FESTIWAL S"]
[Site "LAZY, OW "]
[Date "2014.07.06"]
[Round "6.5"]
[White "Pazderski, Ziemowit"]
[Black "Sharapov, Evgeny"]
[Result "1/2-1/2"]
[WhiteElo "2262"]
[BlackElo "2377"]
[PlyCount "119"]
[EventDate "2014.??.??"]

1. c4 c5 2. Nc3 Nc6 3. Nf3 e5 4. g3 g6 5. Bg2 Bg7 6. O-O d6 7. a3 a5 8. Rb1
Nge7 9. Ne1 Be6 10. Nd5 O-O 11. Nc2 Rb8 12. b4 axb4 13. axb4 Nxb4 14. Ncxb4
cxb4 15. Rxb4 Nxd5 16. cxd5 Bd7 17. Qb3 b5 18. Bb2 Qb6 19. e3 Rfc8 20. d4 exd4
21. Bxd4 Bxd4 22. Rxd4 Qc5 23. Rb4 Ra8 24. Rb1 Qc1+ 25. Bf1 Bh3 26. Rxb5 Ra1
27. Qd3 Bxf1 28. Qxf1 Rxb1 29. Rxb1 Qxf1+ 30. Kxf1 Rc5 31. Rd1 f5 32. Ke2 Kf7
33. f4 Kf6 34. Kf3 h6 35. g4 Rc3 36. h3 Ra3 37. Rd4 Rb3 38. Ke2 Ra3 39. Rd3
Ra2+ 40. Kf3 Rh2 41. Kg3 Re2 42. h4 h5 43. gxh5 gxh5 44. Kf3 Rh2 45. Ra3 Rh3+
46. Kg2 Rxh4 47. Ra6 Ke7 48. Ra7+ Ke8 49. Rh7 Rg4+ 50. Kf3 Rh4 51. Rh6 Ke7 52.
Re6+ Kf7 53. Rxd6 Rh1 54. Rd8 h4 55. Kg2 Rd1 56. d6 Rd3 57. Kh3 Rxe3+ 58. Kxh4
Rd3 59. Kg5 Rd5 60. Ra8 1/2-1/2

[Event "X MIEDZYNARODOWY JUBILEUSZOWY FESTIWAL S"]
[Site "LAZY, OW "]
[Date "2014.07.06"]
[Round "6.6"]
[White "Nowak, Lukasz"]
[Black "Kosiorek, Marek"]
[Result "0-1"]
[WhiteElo "2081"]
[BlackElo "2361"]
[PlyCount "120"]
[EventDate "2014.??.??"]

1. e4 Nf6 2. e5 Nd5 3. d4 d6 4. Nf3 dxe5 5. Nxe5 Nd7 6. Nxf7 Kxf7 7. Qh5+ Ke6
8. c4 N5f6 9. d5+ Kd6 10. Qf5 Nc5 11. Bf4+ e5 12. dxe6+ Kc6 13. Be2 Bxe6 14.
Qc2 Qd4 15. Be3 Qe5 16. Nc3 Bf5 17. Bf3+ Kd7 18. O-O-O+ Bd6 19. Qe2 Rae8 20. g4
Bg6 21. g5 Nfe4 22. Nxe4 Bxe4 23. Bg4+ Kc6 24. Rhe1 Rhf8 25. Qf1 Qxh2 26. Bxc5
Qf4+ 27. Be3 Qxg4 28. c5 Bf4 29. Qc4 Bxe3+ 30. Rxe3 Bf3 31. Rd4 Qg1+ 32. Kc2
Qxf2+ 33. Kb1 Qg1+ 34. Kc2 Qg2+ 35. Kc1 Qg1+ 36. Kc2 Qf2+ 37. Kb1 Qf1+ 38. Qxf1
Be4+ 39. Rdxe4 Rxf1+ 40. Kc2 Rxe4 41. Rxe4 Rf5 42. Rh4 Rxc5+ 43. Kd3 Rxg5 44.
Rxh7 Rg2 45. Kc3 Kb5 46. Rh4 Rg3+ 47. Kc2 c5 48. Rf4 b6 49. a4+ Ka5 50. b3 g5
51. Re4 g4 52. Kb2 Rg2+ 53. Ka3 b5 54. axb5 Kxb5 55. Re6 g3 56. Rf6 a5 57. Rg6
Rg1 58. Kb2 g2 59. Ka2 a4 60. Kb2 axb3 0-1

[Event "X MIEDZYNARODOWY JUBILEUSZOWY FESTIWAL S"]
[Site "LAZY, OW "]
[Date "2014.07.06"]
[Round "6.7"]
[White "Niekras, Dawid"]
[Black "Plichta, Kamil"]
[Result "1-0"]
[WhiteElo "1981"]
[BlackElo "2247"]
[PlyCount "101"]
[EventDate "2014.??.??"]

1. e4 c5 2. Nf3 g6 3. d4 Bg7 4. c4 cxd4 5. Nxd4 Nc6 6. Be3 Nf6 7. Nc3 O-O 8.
Be2 d6 9. O-O Nxd4 10. Bxd4 Bd7 11. Qd2 Bc6 12. Bd3 a5 13. Rfe1 Nd7 14. Bxg7
Kxg7 15. Re3 Kg8 16. Rd1 a4 17. Nd5 Re8 18. Rh3 Bxd5 19. Qh6 Nf8 20. exd5 Qb6
21. Qd2 Qc5 22. Bf1 Ra6 23. Re3 Nd7 24. Rde1 Ne5 25. Rh3 Nd7 26. Rhe3 Ne5 27.
Rh3 h5 28. Be2 Rb6 29. b3 axb3 30. axb3 Kg7 31. g4 Qb4 32. Qc1 f6 33. gxh5 g5
34. Kh1 Kh8 35. f4 Nf7 36. fxg5 Nxg5 37. Rg3 Qc5 38. Rxg5 fxg5 39. Qxg5 Rf8 40.
Qh6+ Kg8 41. Qg6+ Kh8 42. Qh6+ Kg8 43. Rg1+ Qxg1+ 44. Kxg1 Rxb3 45. Bd3 Rf7 46.
Bg6 Rg7 47. Qd2 Rh3 48. Qa2 Kh8 49. Qe2 Ra3 50. Kg2 b6 51. Qb2 1-0

[Event "X MIEDZYNARODOWY JUBILEUSZOWY FESTIWAL S"]
[Site "LAZY, OW "]
[Date "2014.07.06"]
[Round "6.8"]
[White "Jaroch, Pawel"]
[Black "Karpus, Michal"]
[Result "1/2-1/2"]
[WhiteElo "2228"]
[BlackElo "1943"]
[PlyCount "164"]
[EventDate "2014.??.??"]

1. c4 Nf6 2. Nc3 g6 3. g3 Bg7 4. Bg2 O-O 5. e4 d6 6. Nge2 e5 7. O-O a5 8. h3
Na6 9. d4 exd4 10. Nxd4 Nc5 11. Re1 Re8 12. f3 c6 13. Be3 a4 14. Bf2 Qa5 15.
Rb1 Nfd7 16. f4 Nf6 17. Kh2 Re7 18. e5 dxe5 19. fxe5 Nfd7 20. Bxc6 Rxe5 21. Bd5
Rxe1 22. Qxe1 Ne5 23. Qe3 Bd7 24. Nf3 Nxf3+ 25. Bxf3 Ne6 26. Nd5 Re8 27. Qe1
Qxe1 28. Rxe1 Bxb2 29. Nb6 Bc6 30. Bxc6 bxc6 31. Nxa4 Ba3 32. Nb6 Rd8 33. Re2
Kg7 34. Kg2 Kf6 35. Re3 Bc1 36. Rc3 Bb2 37. Rb3 Rd2 38. Kf1 Bd4 39. Rf3+ Ke7
40. Bxd4 Nxd4 41. Ra3 Rb2 42. c5 Rc2 43. Re3+ Ne6 44. a4 Rxc5 45. Ra3 Ra5 46.
Nc4 Ra6 47. a5 Nd4 48. Re3+ Kd7 49. Ne5+ Kc7 50. Nxf7 Rxa5 51. Re7+ Kb6 52. Nd6
Ra1+ 53. Kf2 Kc5 54. Nb7+ Kd5 55. Rd7+ Ke5 56. Rxh7 Ra2+ 57. Kf1 Ra7 58. Re7+
Kf6 59. Re4 Nf5 60. Rb4 Nxg3+ 61. Kg2 Nf5 62. Nc5 Ke5 63. Nd3+ Kd6 64. Kf3 Ra3
65. Ke4 Ne7 66. Ne5 Rxh3 67. Nf7+ Kc7 68. Rb1 Nd5 69. Rg1 Ne7 70. Ke5 Re3+ 71.
Kf6 c5 72. Rd1 Nc6 73. Rc1 Kb6 74. Rb1+ Ka5 75. Nd6 Ka4 76. Rc1 Nd4 77. Nb7
Re6+ 78. Kg5 Re5+ 79. Kf6 Rf5+ 80. Kxg6 Kb4 81. Nxc5 Rxc5 82. Rxc5 Kxc5 1/2-1/2

[Event "X MIEDZYNARODOWY JUBILEUSZOWY FESTIWAL S"]
[Site "LAZY, OW "]
[Date "2014.07.06"]
[Round "6.9"]
[White "Chylewski, Patryk"]
[Black "Zielinski, Wojciech"]
[Result "0-1"]
[WhiteElo "1909"]
[BlackElo "2185"]
[PlyCount "136"]
[EventDate "2014.??.??"]

1. e4 d6 2. d4 Nf6 3. Nc3 g6 4. f4 Bg7 5. Nf3 O-O 6. Be3 Ng4 7. Bg1 c5 8. d5 f5
9. e5 dxe5 10. fxe5 Qb6 11. Qd2 Bh6 12. Qd3 Nd7 13. e6 Nde5 14. Nxe5 Nxe5 15.
Qb5 Qxb5 16. Bxb5 b6 17. Bf2 Bb7 18. O-O Rad8 19. Rad1 Rd6 20. Rfe1 Ng4 21. Bc4
Nxf2 22. Kxf2 a6 23. a4 Bg7 24. Rd3 Rfd8 25. Red1 Bd4+ 26. Kf1 Kg7 27. Ne2 Be5
28. g3 Kf6 29. Ba2 b5 30. axb5 axb5 31. c4 Ra8 32. Ra3 Rda6 33. Rxa6 Rxa6 34.
Bb3 Rb6 35. Nc1 bxc4 36. Bxc4 Rxb2 37. Nb3 Bd6 38. Ra1 Rc2 39. Na5 Bc7 40. Nxb7
Rxc4 41. Re1 Rd4 42. Nxc5 Rxd5 43. Nd7+ Kg5 44. Rc1 Bd6 45. Rc4 Rd2 46. Kg1 Re2
47. Nf8 h5 48. Rh4 Kf6 49. Kf1 Ra2 50. Kg1 Ra8 51. Nh7+ Kxe6 52. Ng5+ Kf6 53.
Nf3 Ra1+ 54. Kg2 Ra2+ 55. Kh1 Rf2 56. Nd4 e5 57. Nb5 Rd2 58. Rc4 e4 59. Rc1 Rd5
60. Rb1 h4 61. gxh4 Rd2 62. Nxd6 Rxd6 63. Kg2 Ke5 64. Ra1 Kf4 65. Ra2 Kg4 66.
Re2 Kxh4 67. Ra2 Kg4 68. h3+ Kf4 0-1

[Event "X MIEDZYNARODOWY JUBILEUSZOWY FESTIWAL S"]
[Site "LAZY, OW "]
[Date "2014.07.06"]
[Round "6.10"]
[White "Snihur, Piotr"]
[Black "Antolak, Julia"]
[Result "1/2-1/2"]
[WhiteElo "2147"]
[BlackElo "1869"]
[PlyCount "43"]
[EventDate "2014.??.??"]

1. d4 Nf6 2. c4 d6 3. Nc3 Nbd7 4. e4 e5 5. Nf3 g6 6. Be2 Bg7 7. O-O O-O 8. Be3
c6 9. Re1 Re8 10. Qc2 Ng4 11. Bg5 Bf6 12. Bxf6 Qxf6 13. Rad1 Nb6 14. Qd2 exd4
15. Qxd4 Ne5 16. b3 Bg4 17. Qxd6 Re6 18. Qd4 Bxf3 19. Bxf3 Nxf3+ 20. gxf3 Qxf3
21. Re3 Qf4 22. e5 1/2-1/2

[Event "X MIEDZYNARODOWY JUBILEUSZOWY FESTIWAL S"]
[Site "LAZY, OW "]
[Date "2014.07.06"]
[Round "6.11"]
[White "Zaleski, Lukasz"]
[Black "Jarmula, Pawel"]
[Result "0-1"]
[WhiteElo "1867"]
[BlackElo "2140"]
[PlyCount "66"]
[EventDate "2014.??.??"]

1. Nf3 c5 2. g3 g6 3. Bg2 Bg7 4. O-O Nc6 5. d3 e6 6. e4 Nge7 7. c3 O-O 8. Be3
b6 9. d4 cxd4 10. cxd4 d5 11. e5 Nf5 12. g4 Nxe3 13. fxe3 f6 14. exf6 Bxf6 15.
Nc3 Ba6 16. Rf2 Rc8 17. Qa4 Bb7 18. Raf1 Na5 19. Ne5 Ba6 20. Rd1 Bxe5 21. Rxf8+
Qxf8 22. dxe5 Qc5 23. Qd7 Qxe3+ 24. Kh1 Qxe5 25. Qxa7 Bd3 26. Qxb6 Nc4 27. Qb7
Rb8 28. Qa7 Nxb2 29. Rc1 Nc4 30. Bf1 Qf4 31. Qxb8+ Qxb8 32. Bxd3 Qb2 33. Ne2
Qd2 0-1

[Event "X MIEDZYNARODOWY JUBILEUSZOWY FESTIWAL S"]
[Site "LAZY, OW "]
[Date "2014.07.06"]
[Round "6.12"]
[White "Smolka, Marcin"]
[Black "Wacior, Maciej"]
[Result "1/2-1/2"]
[WhiteElo "2089"]
[BlackElo "1863"]
[PlyCount "47"]
[EventDate "2014.??.??"]

1. e4 c6 2. d4 d5 3. Nc3 dxe4 4. Nxe4 Bf5 5. Ng3 Bg6 6. h4 h6 7. f4 e6 8. Nf3
Nd7 9. h5 Bh7 10. Bd3 Bxd3 11. Qxd3 Ngf6 12. Bd2 Bd6 13. O-O-O Qe7 14. Ne5 c5
15. Nxd7 Qxd7 16. dxc5 Bxc5 17. Qxd7+ Nxd7 18. Kb1 O-O-O 19. Ne4 Be7 20. Be3 b6
21. g4 Nf6 22. Nxf6 Rxd1+ 23. Rxd1 Bxf6 24. f5 1/2-1/2

[Event "X MIEDZYNARODOWY JUBILEUSZOWY FESTIWAL S"]
[Site "LAZY, OW "]
[Date "2014.07.06"]
[Round "6.14"]
[White "Tomaszewski, Kacper"]
[Black "Jacek, Krystian"]
[Result "0-1"]
[WhiteElo "2012"]
[BlackElo "2148"]
[PlyCount "90"]
[EventDate "2014.??.??"]

1. d4 Nf6 2. c4 g6 3. Nc3 Bg7 4. e4 d6 5. Be2 O-O 6. Nf3 e5 7. O-O Nc6 8. d5
Ne7 9. b4 Nh5 10. g3 f5 11. Ng5 Nf6 12. Bf3 f4 13. Qb3 Kh8 14. Rd1 h6 15. Ne6
Bxe6 16. dxe6 Nc6 17. Ne2 fxg3 18. hxg3 Qe7 19. c5 Nd8 20. cxd6 cxd6 21. Qd3
Nxe6 22. Qxd6 Qf7 23. Qd3 Rad8 24. Qc2 Rxd1+ 25. Qxd1 Nh7 26. Bg2 Qxf2+ 27. Kh1
Nf6 28. a4 Rd8 29. Bd2 Nd4 30. Ng1 Ne6 31. Ne2 Ng5 32. Qe1 Nfxe4 33. Bxg5 Qxe1+
34. Rxe1 Nxg5 35. Nc3 Rd3 36. Nb5 Rxg3 37. Nxa7 Rg4 38. Rb1 e4 39. Nb5 Nf3 40.
Bh3 Rg3 41. Bg2 Rg4 42. Bh3 Rh4 43. Kg2 g5 44. Rd1 g4 45. Rd8+ Kh7 0-1